[Event "FRA-ch Accession"]
[Site "Besancon"]
[Date "2006.08.18"]
[Round "4"]
[White "Seret, Jean Luc"]
[Black "Pucher, Olivier"]
[Result "0-1"]
[WhiteElo "2378"]
[BlackElo "2257"]
[PlyCount "102"]
[EventDate "2006.08.15"]
[EventType "swiss"]
[EventRounds "10"]
[EventCountry "FRA"]
[SourceTitle "CBM 113 Extra"]
[Source "ChessBase"]
[SourceDate "2006.09.14"]
[SourceVersion "1"]
[SourceVersionDate "2006.09.14"]
[SourceQuality "1"]

1. Nf3 c5 2. g3 Nc6 3. Bg2 g6 4. 0-0 Bg7 5. d3 e5 6. c3 Nge7 7. a3 0-0 8. b4 d6 9. Nbd2 cxb4 10. axb4 e4 11. Nxe4 d5 12. Nc5 Nxb4 13. Qb3 Nbc6 14. Bd2 b6 15. Na4 Be6 16. Qc2 h6 17. Rfb1 Qd7 18. Ra2 Rfe8 19. Nb2 Rac8 20. Qa4 Qd6 21. Rc1 Nf5 22. Bf4 Qd7 23. h4 Nd6 24. Qc2 Nb4 25. cxb4 Rxc2 26. Rxc2 Nb5 27. Nd1 Qe7 28. Bd2 Bg4 29. Ne3 Be6 30. Rc1 d4 31. Nc4 Nc3 32. Bxc3 dxc3 33. b5 Bxc4 34. dxc4 Qb4 35. Rxa7 Qxc4 36. e3 Qxb5 37. Ne1 Qc5 38. Nd3 Qc4 39. Rd7 Qe6 40. Rd5 Re7 41. Nf4 Qc8 42. Rd6 Qb8 43. Rdd1 Rc7 44. Nd5 Rc5 45. Nb4 Qc8 46. Rc2 Qg4 47. Rd8+ Kh7 48. e4 Rc4 49. Na2 Rd4 50. Rxd4 Bxd4 51. Nxc3 Qc8 0-1